Random Taylor Swift Song by Lyrics #1 - Statistics

General Stats
  • This quiz has been taken 62 times
  • The average score is 180 of 286
Answer Stats
Answer % Correct
a
98%
I
98%
the
98%
You
96%
you
96%
on
88%
to
88%
me
84%
we
84%
in
82%
it
82%
Love
82%
And
80%
and
80%
for
78%
go
78%
is
78%
One
76%
they
76%
So
73%
so
73%
of
71%
was
71%
your
71%
Your
71%
My
69%
my
69%
said
67%
"She
67%
that
67%
That
67%
two
67%
What
67%
Champagne
65%
champagne
65%
could
65%
Don't
65%
don't
65%
never
65%
Never
65%
no
65%
No
65%
problems
65%
know
63%
show
63%
there
63%
You're
63%
money,
61%
all
59%
Because
59%
hand
59%
have
59%
head,"
59%
it's
59%
night
59%
not
59%
out
59%
say
59%
this
59%
"This
59%
But
57%
How
57%
made
57%
our
57%
she's
57%
watch
57%
while
57%
dancing
55%
f***ed
55%
heart
55%
Her
55%
just
55%
Left
55%
Now
55%
or
55%
shame
55%
their
55%
think
55%
train
55%
With
55%
would've
55%
couldn't
53%
dropped
53%
had
53%
reason
53%
standing
53%
up
53%
bride
51%
give
51%
lovely
51%
once
51%
ready,
51%
real
51%
sit
51%
such
51%
thing
51%
told
51%
you'll
51%
friends
49%
glass
49%
keep
49%
pocket
49%
answer
47%
booked
47%
find
47%
picture
47%
through
47%
wallet
47%
"Well,
47%
we'll
47%
which
47%
word
47%
again
45%
Bustling
45%
called
45%
crowd
45%
crowds
45%
deck
45%
family
45%
group
45%
halls
45%
hurt
45%
knees
45%
landing
45%
shred
45%
silent
45%
sleepers
45%
someone's
45%
Sometimes
45%
sure
45%
walked
45%
worse
45%
asks
43%
celebrating
43%
Crestfallen
43%
door
43%
evergreen,
43%
hold
43%
instead
43%
joke,
43%
mom's
43%
one's
43%
patch
43%
ring
43%
She'll
43%
speech
43%
speechless
43%
tapestry
43%
won't
43%
beyond
41%
dorm
41%
hometown
41%
leave
41%
madhouse"
41%
nerve
41%
reaches
41%
skeptics
41%
they'll
41%
'Til
41%
bottle
39%
cure
39%
flannel
39%
flush
39%
November
39%
remember
39%
sister
39%
soon
39%
splashed
39%
touch
39%
applauded
37%
Dom
37%
Midas
37%
slipped
37%
Chevy
35%
brought
33%
Perignon
33%
stranding
4%
No matching quizzes found
Score Distribution
Percent of People with Each Score
Percentile by Number Answered
Your Score History
You have not taken this quiz